00824nam a22001697a 4500003000400000005001700004008004100021040002200062082002000084100001900104245007000123260004100193300003200234520035600266546001300622700001900635OSt20260508084357.0260508b |||||||| |||| 00| 0 eng d aDWCL GS lib cOC  aFic. K26s 1976  aKeene, Carolyn anancy drew mystery stories 53: bthe sky phantom cCarolyn Keene  aNew York bGrosset & Dunlap cc1976  a180 billustrations c20cm  aThe Sky Phantom (1975) is the 53rd Nancy Drew mystery, following Nancy, Bess, and George to a Midwestern ranch where she investigates a hijacked plane and a stolen prize horse, Major. While taking flying lessons, Nancy uncovers a plot involving local revolutionaries using the horse to transport stolen goods, all hidden near a strange magnetic cloud. aEnglish  aCarolyn Keene